| 000 | 00947cam a22002653a 4500 | ||
|---|---|---|---|
| 001 | 4232 | ||
| 003 | PGUSA | ||
| 005 | 20140828083050.0 | ||
| 008 | 030701s2003||||xxu|||||s|||||000 | eng d | ||
| 040 |
_aPGUSA _beng |
||
| 042 | _adc | ||
| 050 | 4 | _aF001 | |
| 100 | 1 |
_aThoreau, Henry David, _d1817-1862 |
|
| 245 | 1 | 2 |
_aA Week on the Concord and Merrimack Rivers _h[electronic resource] / _cHenry David Thoreau |
| 260 |
_bProject Gutenberg, _c2003 |
||
| 506 | _aPublic domain in the USA. | ||
| 516 | _aElectronic text | ||
| 653 | _aThoreau, Henry David, 1817-1862 -- Travel -- Massachusetts -- Concord River | ||
| 653 | _aConcord River (Mass.) -- Description and travel | ||
| 653 | _aMerrimack River (N.H. and Mass.) -- Description and travel | ||
| 653 | _aThoreau, Henry David, 1817-1862 -- Travel -- Merrimack River (N.H. and Mass.) | ||
| 830 | 0 |
_aProject Gutenberg _v4232 |
|
| 856 | 4 | 0 | _uhttp://www.gutenberg.org/ebooks/4232 |
| 942 | _cEB | ||
| 999 |
_c233561 _d233561 |
||